| 000 | 00495nam a2200169Ia 4500 | ||
|---|---|---|---|
| 005 | 20250508153706.0 | ||
| 008 | 008 250505s9999 xx 000 0 eng d | ||
| 037 | _aReference | ||
| 040 |
_aFEDL _beng _cFEDL |
||
| 041 |
_aeng _2eng |
||
| 084 |
_a352.054, IND _qFEDL |
||
| 245 | 0 | _aIndian local self-government policy, 1915 | |
| 260 |
_aCalcutta, India _bSuperintendent Government Printing _c1915 |
||
| 300 | _a42p. | ||
| 942 |
_cREF _h352.054, IND |
||
| 999 |
_c1344803 _d1344803 |
||